Catálogo público

Atlas agroalimentario México 2017 / (Record no. 170244)

MARC details
000 -CABECERA
campo de control de longitud fija 01224nam a2200313Ia 4500
001 - NÚMERO DE CONTROL
campo de control Z_6986
003 - IDENTIFICADOR DEL NÚMERO DE CONTROL
campo de control CHAP
008 - DATOS DE LONGITUD FIJA--INFORMACIÓN GENERAL
campo de control de longitud fija 220113s2017 xx 000 0 und d
010 ## - NÚMERO DE CONTROL DE LA BIBLIOTECA DEL CONGRESO
Número de control de LC 170244
040 ## - FUENTE DE LA CATALOGACIÓN
Centro/agencia transcriptor CHAP
082 ## - NÚMERO DE LA CLASIFICACIÓN DECIMAL DEWEY
Número de clasificación C 630.972 M49 2017
110 ## - ENTRADA PRINCIPAL--NOMBRE DE ENTIDAD CORPORATIVA
Nombre de entidad corporativa o nombre de jurisdicción como elemento de entrada México.
Unidad subordinada Servicio de Información Agroalimentaria y Pesquera
9 (RLIN) 146339
240 ## - TÍTULO UNIFORME
Título uniforme Atlas agroalimentario 2017
245 ## - MENCIÓN DE TÍTULO
Título Atlas agroalimentario México 2017 /
Mención de responsabilidad, etc. Servicio de Información Agroalimentaria y Pesquera
246 ## - FORMA VARIANTE DE TÍTULO
Título propio/Titulo breve Atlas agroalimentario 2017 : México siembra éxito
260 ## - PUBLICACIÓN, DISTRIBUCIÓN, ETC.
Lugar de publicación, distribución, etc. México :
Nombre del editor, distribuidor, etc. SAGARPA :,
-- SIAP,
Fecha de publicación, distribución, etc. 2017
300 ## - DESCRIPCIÓN FÍSICA
Extensión 231 p.
500 ## - NOTA GENERAL
Nota general Título de la cubierta: Atlas agroalimentario 2017 : México siembra éxito
503 ## - NOTA DE HISTORIA BIBLIOGRÁFICA (BK CF MU) [OBSOLETO]
Nota de historia bibliográfica ej.1: donación (SIAP) \ ej.2: donación (SIAP)
650 ## - PUNTO DE ACCESO ADICIONAL DE MATERIA--TÉRMINO DE MATERIA
Término de materia o nombre geográfico como elemento de entrada Abastecimiento de alimentos
Subdivisión general
-- México
--
-- Atlas
9 (RLIN) 146340
650 ## - PUNTO DE ACCESO ADICIONAL DE MATERIA--TÉRMINO DE MATERIA
Término de materia o nombre geográfico como elemento de entrada Agricultura
Subdivisión general
-- México
--
-- Atlas
9 (RLIN) 146341
710 ## - PUNTO DE ACCESO ADICIONAL--NOMBRE DE ENTIDAD CORPORATIVA
Nombre de entidad corporativa o nombre de jurisdicción como elemento de entrada Servicio de Información Agroalimentaria y Pesquera (SIAP). (México) \ Secretaría de Agricultura, Ganadería, Desarrollo Rural, Pesca y Alimentación (SAGARPA). (México)
9 (RLIN) 145598
901 ## - ELEMENTOS DE DATOS A LOCAL LDA (RLIN)
a C 630.972 M49 2017
902 ## - ELEMENTOS DE DATOS B LOCAL, LDB (RLIN)
a M
910 ## - DATOS DE OPCIÓN DEL USUARIO (OCLC)
Datos de opción del usuario 2017
942 ## - ELEMENTOS DE PUNTO DE ACCESO ADICIONAL (KOHA)
Tipo de ítem Koha Libro_
942 ## - ELEMENTOS DE PUNTO DE ACCESO ADICIONAL (KOHA)
Tipo de ítem Koha
Holdings
Estado de retiro Estado de pérdida Fuente del sistema de clasificación o colocación Estado dañado Restricciones de uso No para préstamo Código de colección Localización permanente Ubicación/localización actual Fecha de adquisición Fuente de adquisición Signatura topográfica completa Código de barras Fecha visto por última vez Número de copia Precio válido a partir de Tipo de ítem Koha
    Dewey Decimal Classification   Préstamo interno   Consulta Zootecnia Zootecnia 29/08/2018 Donación C 630.972 M49 2017 z_7208 18/01/2022 1 18/01/2022 Libro
    Dewey Decimal Classification   Préstamo interno   Consulta Zootecnia Zootecnia 29/08/2018 Donación C 630.972 M49 2017 z_7209 18/01/2022 2 18/01/2022 Libro